T/B OF GYNAECOLOGY, RACEPTION AND DEMOGRAPHY / (Record no. 798655)

MARC details
000 -LEADER
fixed length control field 00537pam a2200205 a 4500
020 ## - INTERNATIONAL STANDARD BOOK NUMBER
Terms of availability 390.00 (PB)
041 ## - LANGUAGE CODE
Language code of text/sound track or separate title eng
Language code of original NULL
082 ## - DEWEY DECIMAL CLASSIFICATION NUMBER
Classification number 618.2
Item number DAW/DAW
100 ## - MAIN ENTRY--PERSONAL NAME
Personal name DAWN, C .
245 ## - TITLE STATEMENT
Title T/B OF GYNAECOLOGY, RACEPTION AND DEMOGRAPHY /
Statement of responsibility, etc. NULL.
Medium Textual Documents
250 ## - EDITION STATEMENT
Edition statement 14 /
Remainder of edition statement .
260 ## - PUBLICATION, DISTRIBUTION, ETC.
Place of publication, distribution, etc. NULL :
Name of publisher, distributor, etc. DAWN BOOKS KOLKATA ,
Date of publication, distribution, etc. 2003.
300 ## - PHYSICAL DESCRIPTION
Extent 256 :
Other physical details XI ;
Dimensions A4 .
365 ## - TRADE PRICE
Price type code 390.00
Price note 3
650 ## - SUBJECT ADDED ENTRY--TOPICAL TERM
Topical term or geographic name entry element OBST.GYNE
700 ## - ADDED ENTRY--PERSONAL NAME
Personal name DAWN, S .
907 ## - LOCAL DATA ELEMENT G, LDG (RLIN)
a 8832
-- 8833
-- 8834
930 ## - EQUIVALENCE OR CROSS-REFERENCE-UNIFORM TITLE HEADING [LOCAL, CANADA]
Uniform title 4121
Holdings
Withdrawn status Lost status Damaged status Not for loan Home library Current library Date acquired Cost, normal purchase price Total Checkouts Full call number Barcode Date last seen Copy number Price effective from Koha item type
        Medical College & Hospital, Sangli Medical College & Hospital, Sangli 28/11/2011 390.00   618.2 DAW/DAW MCS-8834 26/07/2023 4 26/07/2023 Book
        Medical College & Hospital, Sangli Medical College & Hospital, Sangli 28/11/2011 390.00   618.2 DAW/DAW MCS-8833 26/07/2023 3 26/07/2023 Book
        Medical College & Hospital, Sangli Medical College & Hospital, Sangli 28/11/2011 390.00   618.2 DAW/DAW MCS-8832 26/07/2023 2 26/07/2023 Book
        Medical College & Hospital, Sangli Medical College & Hospital, Sangli 28/11/2011 390.00   618.2 DAW/DAW MCS-8831 26/07/2023 1 26/07/2023 Book